| 000 | 00475nam a2200181Ia 4500 | ||
|---|---|---|---|
| 003 | LK-CoDNM | ||
| 005 | 20240314151338.0 | ||
| 008 | 010623t1891 xxu||||| |||| 00| 1 eng d | ||
| 040 |
_aLK-CoDNM _dLK-CoDNM _eLK-CoDNM |
||
| 041 |
_aeng _aSanskrit _asin |
||
| 080 | _a104 EE.41 | ||
| 100 | _aKumaradasa | ||
| 245 | _aජානකීහරණ | ||
| 246 | _aJaanakiiharana | ||
| 260 |
_bD.D.J.Senanayaka _aPeliyangoda _c1891 |
||
| 300 |
_bDamaged _aXX,309p.,21 cm |
||
| 942 | _cBK | ||
| 999 |
_c83409 _d83409 |
||